[Event "Lichtenrader Herbst 2012"]
[Site "Berlin - Lichtenrade"]
[Date "2012.10.02"]
[Round "4.17"]
[White "Cremer, Jan Paul"]
[Black "Grosse-Honebrink, Brigitte"]
[Result "1-0"]
[WhiteElo "2099"]
[BlackElo "1882"]
[PlyCount "45"]
[EventDate "2012.??.??"]
[WhiteTeam "Berlin 1903 Sfrd."]
[BlackTeam "Kreuzberg SC"]

1. e4 e5 2. Nf3 Nc6 3. Bb5 a6 4. Ba4 Nf6 5. O-O b5 6. Bb3 Nxe4 7. d4 d5 8. dxe5
Be6 9. c3 Bc5 10. Nbd2 Qe7 11. Bc2 Bf5 12. Nb3 Rd8 13. Nxc5 Qxc5 14. Nd4 Bg6
15. Be3 Nxd4 16. cxd4 Qc6 17. Rc1 Qe6 18. f3 Nd6 19. Bg5 Bxc2 20. Qxc2 Nf5 21.
Bxd8 Nxd4 22. Qf2 Qb6 23. Rcd1 1-0

[Event "Lichtenrader Herbst 2012"]
[Site "Berlin - Lichtenrade"]
[Date "2012.10.02"]
[Round "4.18"]
[White "Bandow, Alexander"]
[Black "Stark, Ingo"]
[Result "1-0"]
[WhiteElo "2044"]
[BlackElo "2174"]
[PlyCount "107"]
[EventDate "2012.??.??"]
[WhiteTeam "Neukölln Schwarz-Weiß"]
[BlackTeam "Oberschöneweide TSG"]

1. c4 Nf6 2. Nc3 e6 3. g3 d5 4. d4 c5 5. cxd5 Nxd5 6. Nf3 Nc6 7. e4 Nxc3 8.
bxc3 cxd4 9. cxd4 Bb4+ 10. Bd2 Qa5 11. Bd3 O-O 12. a3 Bxd2+ 13. Qxd2 Rd8 14.
Qxa5 Nxa5 15. Rd1 b6 16. Ke2 Bb7 17. Ke3 Rac8 18. Rc1 Kf8 19. Nd2 Ke7 20. Rhd1
g6 21. f3 h6 22. Be2 Rd7 23. Rxc8 Bxc8 24. Rc1 Kd8 25. Bb5 Re7 26. Rc3 Bd7 27.
Ba6 Bc6 28. Nb3 Nxb3 29. Rxc6 Rc7 30. Rxc7 Kxc7 31. e5 Kc6 32. Bc4 Na5 33. Ba2
b5 34. Kd3 a6 35. f4 h5 36. h3 Nb7 37. d5+ exd5 38. Kd4 Nd8 39. Bxd5+ Kb6 40.
Bb3 Kc6 41. Bd5+ Kb6 42. g4 hxg4 43. hxg4 Ne6+ 44. Ke4 Kc5 45. Bxe6 fxe6 46. f5
gxf5+ 47. gxf5 exf5+ 48. Kxf5 a5 49. e6 b4 50. axb4+ Kxb4 51. e7 a4 52. e8=Q a3
53. Qg8 Kc3 54. Qa2 1-0

[Event "Lichtenrader Herbst 2012"]
[Site "Berlin - Lichtenrade"]
[Date "2012.10.02"]
[Round "4.19"]
[White "Schmalzried, Volker"]
[Black "Noetzel, Felix"]
[Result "0-1"]
[WhiteElo "1886"]
[BlackElo "2108"]
[PlyCount "64"]
[EventDate "2012.??.??"]
[BlackTeam "Berlin 1903 Sfrd."]

1. c4 e6 2. Nc3 d5 3. cxd5 exd5 4. d4 f5 5. Nf3 Nf6 6. g3 c6 7. Bg2 Bd6 8. O-O
O-O 9. a3 Nbd7 10. b4 Ne4 11. Nxe4 fxe4 12. Nd2 Nf6 13. e3 Qe8 14. f3 exf3 15.
Nxf3 Bg4 16. Qd3 Qh5 17. Bb2 Ne4 18. Ne5 Bxe5 19. dxe5 Be2 20. Rxf8+ Rxf8 21.
Qd4 Rf2 22. Qxe4 dxe4 23. Kxf2 Bf3 24. Bd4 Qxh2 25. Rg1 b6 26. e6 Kf8 27. Be5
Ke7 28. Bf4 Kxe6 29. Kf1 g5 30. Bxg5 Kf5 31. Bf4 Kg4 32. Kf2 c5 0-1

[Event "Lichtenrader Herbst 2012"]
[Site "Berlin - Lichtenrade"]
[Date "2012.10.02"]
[Round "4.20"]
[White "Muench, Tobias"]
[Black "Dimitrijeski, Kristian"]
[Result "1/2-1/2"]
[WhiteElo "1875"]
[BlackElo "2150"]
[PlyCount "86"]
[EventDate "2012.??.??"]
[WhiteTeam "Treptower SV"]
[BlackTeam "Tegel 1949 König SK"]

1. d4 d5 2. e3 Nf6 3. Nf3 Bg4 4. c4 c6 5. Nc3 e6 6. Qb3 Qb6 7. Qxb6 axb6 8. Ne5
Bf5 9. Be2 dxc4 10. g4 Bg6 11. g5 Nfd7 12. Nxg6 hxg6 13. Bxc4 Na6 14. Bd3 Be7
15. e4 O-O-O 16. Be3 Rh4 17. O-O-O Rdh8 18. d5 exd5 19. exd5 Nac5 20. Be2 Na4
21. Nb1 Bc5 22. Bxc5 Naxc5 23. h3 Ne4 24. Bg4 c5 25. Rhe1 Nxf2 26. Re7 Nxg4 27.
hxg4 Rf8 28. Rg1 Kd8 29. d6 Rh3 30. Rf1 Rg3 31. Rfxf7 Rxf7 32. Rxf7 Rxg4 33.
Rxg7 Ne5 34. Rxb7 Nd7 35. Nc3 Rxg5 36. Na4 Rg1+ 37. Kc2 g5 38. Nxb6 Nxb6 39.
Rxb6 Kd7 40. a4 g4 41. a5 g3 42. a6 g2 43. Rb7+ Kxd6 1/2-1/2

[Event "Lichtenrader Herbst 2012"]
[Site "Berlin - Lichtenrade"]
[Date "2012.10.03"]
[Round "5.1"]
[White "Rabiega, Robert"]
[Black "Von Herman, Ulf"]
[Result "1/2-1/2"]
[WhiteElo "2515"]
[BlackElo "2416"]
[PlyCount "149"]
[EventDate "2012.??.??"]
[WhiteTeam "Tegel 1949 König SK"]
[BlackTeam "Tegel 1949 König SK"]

1. e4 c5 2. c3 d5 3. exd5 Qxd5 4. d4 Nf6 5. Nf3 e6 6. Bd3 Be7 7. Be3 O-O 8. O-O
b6 9. c4 Qd8 10. dxc5 Bxc5 11. Bxc5 bxc5 12. Nc3 Bb7 13. Qe2 Nbd7 14. Rfd1 Qc7
15. Nb5 Qf4 16. Qd2 Qxd2 17. Nxd2 Bc6 18. f3 a6 19. Nc3 Rab8 20. b3 Rfd8 21.
Be4 Rdc8 22. Bxc6 Rxc6 23. Nde4 Kf8 24. Rd2 Ke7 25. Rad1 h6 26. h4 Rb7 27. Kf2
Nxe4+ 28. Nxe4 f5 29. Nd6 Ra7 30. g4 fxg4 31. fxg4 Ne5 32. Kg3 Rd7 33. Ne4 Rxd2
34. Rxd2 Nf7 35. Kf4 Nd6 36. Nc3 Rc8 37. Re2 Nb7 38. h5 Rd8 39. Ne4 Rd1 40. g5
Rf1+ 41. Rf2 hxg5+ 42. Kxg5 Rg1+ 43. Kf4 Rh1 44. Rg2 Kf7 45. Rg5 Rh2 46. Nxc5
Nxc5 47. Rxc5 Rxa2 48. Ke5 Re2+ 49. Kd6 Rb2 50. Rc7+ Kf6 51. Rb7 e5 52. Kd5
Rd2+ 53. Ke4 Rd4+ 54. Ke3 Rh4 55. c5 Ke6 56. Rb6+ Kd7 57. b4 Rd4 58. Ke2 Kc7
59. Kf3 Rc4 60. Rxa6 Rxb4 61. Rg6 Rh4 62. Rg5 e4+ 63. Kg3 Rh1 64. Kf4 Rh4+ 65.
Ke3 Kc6 66. Kd4 Kb5 67. Re5 Kc6 68. Re6+ Kd7 69. Re5 Kc6 70. Re6+ Kd7 71. Rg6
Rxh5 72. Rxg7+ Kc6 73. Rg6+ Kc7 74. Re6 Rh4 75. Rxe4 1/2-1/2

[Event "Lichtenrader Herbst 2012"]
[Site "Berlin - Lichtenrade"]
[Date "2012.10.03"]
[Round "5.2"]
[White "Meister, Jakob"]
[Black "Kalinitschew, Sergey"]
[Result "1-0"]
[WhiteElo "2484"]
[BlackElo "2469"]
[PlyCount "85"]
[EventDate "2012.??.??"]
[WhiteTeam "Zehlendorf SK"]
[BlackTeam "Kreuzberg SC"]

1. e4 c5 2. Nf3 d6 3. d4 cxd4 4. Nxd4 Nf6 5. Nc3 Bd7 6. g3 Nc6 7. Nde2 g6 8.
Bg2 Bg7 9. O-O O-O 10. h3 Rb8 11. g4 b5 12. Ng3 b4 13. Nce2 a5 14. f4 a4 15.
Rb1 Qc7 16. g5 Ne8 17. Be3 Na5 18. b3 Rc8 19. Qd2 Qxc2 20. Qxb4 Nc6 21. Qxa4
Nc7 22. Qc4 Qxa2 23. Nc3 Qa3 24. e5 Ne6 25. Nd5 dxe5 26. f5 Ncd4 27. Ra1 Qd6
28. Ne4 Rxc4 29. Nxd6 exd6 30. fxe6 Nxb3 31. exd7 Nxa1 32. Rxa1 Rd8 33. Ra7 e4
34. Bb6 Bd4+ 35. Bxd4 Rxd4 36. Ne7+ Kg7 37. Nc6 Rd1+ 38. Kf2 Rd2+ 39. Kg3 Rd3+
40. Kf4 Rxd7 41. Rxd7 d5 42. Ne5 Rd2 43. Kg3 1-0

[Event "Lichtenrader Herbst 2012"]
[Site "Berlin - Lichtenrade"]
[Date "2012.10.03"]
[Round "5.3"]
[White "Danin, Alexandre"]
[Black "Moeller, Hendrik"]
[Result "1-0"]
[WhiteElo "2568"]
[BlackElo "2259"]
[PlyCount "45"]
[EventDate "2012.??.??"]
[WhiteTeam "Wuppertal Tornado SC"]
[BlackTeam "Berlin Weisse Dame SC"]

1. e4 c6 2. d4 d5 3. exd5 cxd5 4. c4 Nf6 5. Nc3 Nc6 6. Bg5 dxc4 7. Bxc4 h6 8.
Bf4 e6 9. Nf3 Be7 10. O-O O-O 11. Qd2 a6 12. a4 Nb4 13. Rfe1 Nbd5 14. Bxh6 gxh6
15. Qxh6 Re8 16. Qg5+ Kf8 17. Nxd5 exd5 18. Qh6+ Kg8 19. Bd3 Ne4 20. Rxe4 dxe4
21. Bxe4 f5 22. Qg6+ Kh8 23. Bd5 1-0

[Event "Lichtenrader Herbst 2012"]
[Site "Berlin - Lichtenrade"]
[Date "2012.10.03"]
[Round "5.4"]
[White "Bruedigam, Martin"]
[Black "Romanishin, Oleg M"]
[Result "0-1"]
[WhiteElo "2291"]
[BlackElo "2526"]
[PlyCount "106"]
[EventDate "2012.??.??"]
[WhiteTeam "Potsdam USV"]

1. e4 e5 2. Nf3 Nc6 3. d4 exd4 4. Nxd4 Bc5 5. Be3 Qf6 6. c3 Qg6 7. Qf3 Ne5 8.
Qf4 Bd6 9. Qg5 a6 10. Nd2 Ne7 11. Be2 Qxg5 12. Bxg5 Bc5 13. Be3 d6 14. Nc2 Bxe3
15. Nxe3 O-O 16. O-O Re8 17. Ndc4 Nd7 18. Rfe1 Nf6 19. e5 dxe5 20. Nxe5 Nf5 21.
Nxf5 Bxf5 22. Bc4 Be6 23. Bxe6 Rxe6 24. Nf3 Rxe1+ 25. Rxe1 Rd8 26. Kf1 Kf8 27.
Ke2 Ne4 28. Rc1 g5 29. Rc2 Kg7 30. Nd4 Kg6 31. Kf3 Nf6 32. h3 h5 33. Re2 c5 34.
Nb3 Rd5 35. Re7 b6 36. Ke2 Rd8 37. g3 h4 38. gxh4 Nd5 39. Re4 Nf4+ 40. Kf3 Nxh3
41. Kg3 Rd3+ 42. f3 Nf4 43. hxg5 Ne6 44. Re2 Nxg5 45. Nd2 Kf5 46. Kg2 Kf4 47.
Nc4 b5 48. Ne5 Rd5 49. Nc6 Nxf3 50. Ne7 Rh5 51. b3 c4 52. Nc6 cxb3 53. axb3
Rh2+ 0-1

[Event "Lichtenrader Herbst 2012"]
[Site "Berlin - Lichtenrade"]
[Date "2012.10.03"]
[Round "5.5"]
[White "Gruzmann, Boris"]
[Black "Stern, Rene"]
[Result "1/2-1/2"]
[WhiteElo "2303"]
[BlackElo "2517"]
[PlyCount "105"]
[EventDate "2012.??.??"]
[WhiteTeam "Lasker Steglitz-Wilmersd. SG"]
[BlackTeam "Tegel 1949 König SK"]

1. e4 e5 2. Nf3 Nc6 3. Bb5 a6 4. Ba4 Nf6 5. O-O Be7 6. Re1 b5 7. Bb3 d6 8. c3
O-O 9. d4 Bg4 10. d5 Na5 11. Bc2 c6 12. h3 Bc8 13. dxc6 Qc7 14. Nbd2 Qxc6 15.
Nf1 Nc4 16. Ng3 Be6 17. Ng5 Bd7 18. a4 h6 19. Nf3 Be6 20. Nh4 d5 21. Ngf5 Rfe8
22. Qf3 Nd6 23. axb5 axb5 24. Rxa8 Qxa8 25. Nxd6 Bxd6 26. Bxh6 Nxe4 27. Bc1 Nf6
28. Bf5 e4 29. Qe2 Qb7 30. Bg5 Nh7 31. Be3 Nf8 32. Bd4 Qd7 33. Qg4 Ng6 34. Qh5
Bxf5 35. Qxf5 Qxf5 36. Nxf5 Be5 37. Rd1 Nf4 38. Bxe5 Rxe5 39. Nd4 Rg5 40. g3
Nxh3+ 41. Kf1 e3 42. fxe3 Rxg3 43. Nxb5 Rf3+ 44. Ke2 Rf2+ 45. Ke1 Rxb2 46. Rxd5
f6 47. Nd4 Ng5 48. c4 Ne4 49. Rb5 Ra2 50. Rb7 Ra1+ 51. Ke2 Ra2+ 52. Ke1 Ra1+
53. Ke2 1/2-1/2

[Event "Lichtenrader Herbst 2012"]
[Site "Berlin - Lichtenrade"]
[Date "2012.10.03"]
[Round "5.6"]
[White "Hansen, Torbjorn Ringdal"]
[Black "Wendt, Jan-Dietrich"]
[Result "1/2-1/2"]
[WhiteElo "2458"]
[BlackElo "2362"]
[PlyCount "132"]
[EventDate "2012.??.??"]
[BlackTeam "Berlin 1903 Sfrd."]

1. e4 c5 2. Nf3 e6 3. Be2 Nc6 4. O-O Nf6 5. e5 Ng4 6. b4 cxb4 7. d4 d5 8. a3
Bd7 9. axb4 Bxb4 10. c3 Be7 11. h3 Nh6 12. Bxh6 gxh6 13. Qd2 Bf8 14. c4 Ne7 15.
Nc3 Bc6 16. c5 a6 17. Bd3 Ng6 18. Ne2 h5 19. Ng3 h4 20. Nh5 Be7 21. Nh2 Kd7 22.
Ng4 Kc7 23. Rfb1 Nf8 24. Bc2 Nd7 25. Ba4 Nb8 26. Qb4 b5 27. cxb6+ Kb7 28. Qa5
Bxa4 29. Qxa4 Qd7 30. Qc2 Nc6 31. Nhf6 Bxf6 32. Nxf6 Qe7 33. Qa4 Rhc8 34. Rc1
Qb4 35. Qxb4 Nxb4 36. Nd7 Rxc1+ 37. Rxc1 Rc8 38. Rxc8 Kxc8 39. Nc5 a5 40. Kf1
Nc6 41. Ke2 Nxd4+ 42. Kd3 Nb5 43. f4 Na3 44. f5 Nc4 45. b7+ Kc7 46. Kd4 exf5
47. Kxd5 Ne3+ 48. Kd4 Nxg2 49. e6 fxe6 50. Kc4 Nf4 51. Kb5 Nd5 52. Kxa5 e5 53.
Nd7 Kxb7 54. Nxe5 Nf4 55. Kb5 Nxh3 56. Nf3 f4 57. Nxh4 Ng1 58. Ng2 f3 59. Ne3
Kc7 60. Kc5 Ne2 61. Kd5 Ng3 62. Ke5 f2 63. Kf4 f1=Q+ 64. Nxf1 Nxf1 65. Kg5 Ng3
66. Kh6 Kd6 1/2-1/2

[Event "Lichtenrader Herbst 2012"]
[Site "Berlin - Lichtenrade"]
[Date "2012.10.03"]
[Round "5.7"]
[White "Colpe, Malte"]
[Black "Jahnz, Fabian"]
[Result "1-0"]
[WhiteElo "2349"]
[BlackElo "2189"]
[PlyCount "199"]
[EventDate "2012.??.??"]
[WhiteTeam "Hamburger SK"]
[BlackTeam "Tegel 1949 König SK"]

1. d4 d5 2. c4 dxc4 3. e4 Nf6 4. e5 Nd5 5. Bxc4 Nb6 6. Bd3 Nc6 7. Be3 Be6 8.
Nc3 Bc4 9. Bxc4 Nxc4 10. Qb3 Nb6 11. Rd1 e6 12. Nf3 Bb4 13. O-O Bxc3 14. bxc3
Qd5 15. Qc2 Na5 16. Ng5 h6 17. Ne4 Nac4 18. Nc5 Nd7 19. Nd3 Ndb6 20. Qe2 Qc6
21. Nb4 Qe4 22. Rfe1 O-O-O 23. Qh5 g6 24. Qh3 Nxe3 25. Rxe3 Qf5 26. Qg3 Nd5 27.
Rf3 Qh5 28. Nxd5 Rxd5 29. Rc1 g5 30. Rf6 Rd7 31. Qe3 Kb8 32. Rb1 c5 33. h3 cxd4
34. cxd4 Qh4 35. Rb4 Rc8 36. Qf3 Rcc7 37. Kh2 g4 38. Qxg4 Qxg4 39. hxg4 Rc2 40.
a3 Kc7 41. Kg3 Rc3+ 42. Rf3 Rxf3+ 43. Kxf3 a5 44. Rc4+ Kb6 45. a4 Rc7 46. Rxc7
Kxc7 47. Ke4 Kc6 48. f4 b5 49. axb5+ Kxb5 50. d5 exd5+ 51. Kxd5 a4 52. f5 Kb6
53. e6 fxe6+ 54. Kxe6 a3 55. f6 a2 56. f7 a1=Q 57. f8=Q Qa2+ 58. Ke7 Qe2+ 59.
Kf7 Qxg4 60. Qxh6+ Kc5 61. Qg6 Qd7+ 62. Kf6 Qc6+ 63. Kg7 Qc7+ 64. Kh6 Kd4 65.
g4 Qh2+ 66. Kg7 Qc7+ 67. Qf7 Qg3 68. Qe6 Qc7+ 69. Kg6 Kd3 70. g5 Kd2 71. Kh6
Qf4 72. Qf6 Qh2+ 73. Kg7 Qc7+ 74. Kg8 Qc8+ 75. Kf7 Qd7+ 76. Qe7 Qd5+ 77. Ke8
Qg8+ 78. Kd7 Kc1 79. Qc5+ Kb1 80. Qf5+ Kc1 81. g6 Qg7+ 82. Ke6 Qg8+ 83. Kf6
Qd8+ 84. Ke5 Qe7+ 85. Kf4 Qh4+ 86. Qg4 Qf6+ 87. Ke3 Qc3+ 88. Ke2 Qd2+ 89. Kf1
Qd3+ 90. Kg2 Qd2+ 91. Kh3 Qe3+ 92. Qg3 Qh6+ 93. Kg2 Qd2+ 94. Kf1 Qd5 95. g7
Qc4+ 96. Kg1 Qd4+ 97. Kg2 Qd2+ 98. Kh3 Qh6+ 99. Kg2 Qd2+ 100. Kf1 1-0

[Event "Lichtenrader Herbst 2012"]
[Site "Berlin - Lichtenrade"]
[Date "2012.10.03"]
[Round "5.8"]
[White "Hertwig, Christopher"]
[Black "Lauridsen, Jesper Morch"]
[Result "0-1"]
[WhiteElo "2074"]
[BlackElo "2248"]
[PlyCount "74"]
[EventDate "2012.??.??"]
[WhiteTeam "Tegel 1949 König SK"]

1. c4 e6 2. g3 d5 3. Bg2 Nf6 4. Nf3 c5 5. O-O Nc6 6. e3 Be7 7. b3 O-O 8. Bb2 b6
9. Nc3 Bb7 10. cxd5 Nxd5 11. Nxd5 exd5 12. d4 Ba6 13. Re1 Nb4 14. Ne5 Bb7 15.
a3 Nc6 16. Nd3 cxd4 17. exd4 Rc8 18. Nf4 Na5 19. Qd3 Bg5 20. Nh3 Bf6 21. Nf4
Qd6 22. Bc3 Ba6 23. Qe3 Rfd8 24. Bb4 Qb8 25. Bxd5 Nc6 26. Bxf7+ Kh8 27. Qe6
Rxd4 28. Nd5 Rxd5 29. Qxd5 Bb7 30. Bd6 Qa8 31. Rac1 Ne5 32. Be6 Rxc1 33. Rxc1
Bxd5 34. Rc8+ Qxc8 35. Bxc8 Bxb3 36. Bb8 Nc6 37. Bd6 Be7 0-1

[Event "Lichtenrader Herbst 2012"]
[Site "Berlin - Lichtenrade"]
[Date "2012.10.03"]
[Round "5.9"]
[White "Stachanczyk, Jacek"]
[Black "Lock, Adrian"]
[Result "1-0"]
[WhiteElo "2247"]
[BlackElo "2041"]
[PlyCount "57"]
[EventDate "2012.??.??"]
[BlackTeam "Kreuzberg SC"]

1. e4 e6 2. d4 d5 3. Nc3 Nf6 4. e5 Nfd7 5. f4 c5 6. Nf3 Nc6 7. Be3 cxd4 8. Nxd4
Bc5 9. Qd2 a6 10. O-O-O O-O 11. Qf2 Nxd4 12. Bxd4 Qc7 13. Bd3 b5 14. Qh4 g6 15.
Ne2 b4 16. Qh6 Re8 17. h4 Bf8 18. Qg5 Be7 19. Qg3 Nf8 20. h5 a5 21. hxg6 fxg6
22. Rxh7 Kxh7 23. Rh1+ Kg7 24. Qh3 Rd8 25. Qh8+ Kf7 26. Bxg6+ Kxg6 27. Qg8+ Kf5
28. g4+ Ke4 29. Rh3 1-0

[Event "Lichtenrader Herbst 2012"]
[Site "Berlin - Lichtenrade"]
[Date "2012.10.03"]
[Round "5.10"]
[White "Rietze, Clemens"]
[Black "Shapiro, Yosip"]
[Result "1/2-1/2"]
[WhiteElo "2286"]
[BlackElo "2094"]
[PlyCount "147"]
[EventDate "2012.??.??"]
[WhiteTeam "Potsdam USV"]
[BlackTeam "Berlin Berolina Mitte SV"]

1. e4 c6 2. d4 d5 3. Nc3 dxe4 4. Nxe4 Nd7 5. Ng5 Ngf6 6. Bd3 h6 7. N5f3 e6 8.
Ne2 Bd6 9. Ng3 O-O 10. O-O c5 11. b3 cxd4 12. Nxd4 Ne5 13. Be2 Ng6 14. Nb5 Be5
15. Ba3 Bxa1 16. Bxf8 Qxf8 17. Qxa1 a6 18. Nd4 Bd7 19. c4 Qc8 20. Rd1 Qc7 21.
Nc2 Qe5 22. Qxe5 Nxe5 23. f4 Ng6 24. Bf3 Rb8 25. Nh5 Be8 26. Nxf6+ gxf6 27. g3
Kf8 28. Rd6 Ne7 29. Rb6 Bc6 30. Bxc6 Nxc6 31. Kf2 Ke7 32. Ke3 Kd7 33. c5 Kc7
34. Na3 Ne7 35. Kf3 Nd5 36. Rd6 Nb4 37. Rd4 Nxa2 38. Rc4 Rd8 39. Ke2 Kc6 40. b4
f5 41. h3 h5 42. Ke3 f6 43. Ke2 e5 44. fxe5 fxe5 45. Rh4 Nc3+ 46. Ke3 Rg8 47.
Kf3 Ne4 48. g4 hxg4+ 49. hxg4 Kd5 50. Nc2 f4 51. Rh1 Ng5+ 52. Kf2 e4 53. Rd1+
Kc4 54. Rd7 Kc3 55. Nd4 Kxb4 56. c6 bxc6 57. Nxc6+ Kc5 58. Ne7 Rg7 59. Rd5+ Kc4
60. Re5 a5 61. Nf5 Rd7 62. Rxa5 Rd2+ 63. Kf1 Kb4 64. Re5 Ra2 65. Nd6 Ra1+ 66.
Ke2 f3+ 67. Ke3 Re1+ 68. Kf2 Re2+ 69. Kf1 e3 70. Rxg5 Rd2 71. Rb5+ Ka4 72. Rb1
Rxd6 73. Re1 Re6 74. g5 1/2-1/2

[Event "Lichtenrader Herbst 2012"]
[Site "Berlin - Lichtenrade"]
[Date "2012.10.03"]
[Round "5.11"]
[White "Hahlbohm, Matthias"]
[Black "Gaerths, Ronny"]
[Result "1/2-1/2"]
[WhiteElo "2073"]
[BlackElo "2251"]
[PlyCount "91"]
[EventDate "2012.??.??"]
[WhiteTeam "Oberschöneweide TSG"]
[BlackTeam "Kreuzberg SC"]

1. e4 d5 2. e5 Bf5 3. d4 e6 4. Bd3 Ne7 5. Ne2 c5 6. c3 Nbc6 7. O-O cxd4 8. cxd4
h5 9. Nbc3 Bxd3 10. Qxd3 Nf5 11. Be3 Bb4 12. Rac1 Qa5 13. a3 Bxc3 14. Rxc3 a6
15. Bd2 Qd8 16. Rb3 Qd7 17. Bb4 h4 18. Bc5 f6 19. f4 Kf7 20. Rb6 Rac8 21. b4
Nd8 22. g4 hxg3 23. hxg3 Rc6 24. Rxc6 Nxc6 25. g4 Nh6 26. f5 exf5 27. Ng3 fxg4
28. Nh5 f5 29. Nf4 Nd8 30. Qb3 g5 31. Nxd5 Qe6 32. Qe3 Qxd5 33. Qxg5 Qe6 34.
Bd6 Ke8 35. d5 Nhf7 36. Qxd8+ Nxd8 37. dxe6 Rh5 38. e7 Nc6 39. Rc1 f4 40. a4
Nxe7 41. Rc7 Nf5 42. Rxb7 Nd4 43. e6 Nf3+ 44. Kf2 Rh2+ 45. Kf1 Rh1+ 46. Kf2
1/2-1/2

[Event "Lichtenrader Herbst 2012"]
[Site "Berlin - Lichtenrade"]
[Date "2012.10.03"]
[Round "5.12"]
[White "Schnabel, Ralf"]
[Black "Muench, Robert"]
[Result "1/2-1/2"]
[WhiteElo "2235"]
[BlackElo "1965"]
[PlyCount "38"]
[EventDate "2012.??.??"]
[WhiteTeam "Aue Nickelhütte ESV"]
[BlackTeam "Treptower SV"]

1. e4 e6 2. d4 d5 3. Nd2 Nf6 4. e5 Nfd7 5. Bd3 c5 6. c3 Nc6 7. Ne2 cxd4 8. cxd4
f6 9. exf6 Nxf6 10. Nf3 Bd6 11. O-O Qc7 12. Nc3 a6 13. Bg5 O-O 14. Rc1 Bd7 15.
Re1 Ng4 16. h3 Bh2+ 17. Kf1 Nxf2 18. Bxh7+ Kxh7 19. Qc2+ Ne4 1/2-1/2

[Event "Lichtenrader Herbst 2012"]
[Site "Berlin - Lichtenrade"]
[Date "2012.10.03"]
[Round "5.13"]
[White "Heerde, Thomas"]
[Black "Lindemann, Christian"]
[Result "1-0"]
[WhiteElo "2023"]
[BlackElo "2231"]
[PlyCount "37"]
[EventDate "2012.??.??"]
[WhiteTeam "Berlin Weisse Dame SC"]
[BlackTeam "Neukölln Schwarz-Weiß"]

1. Nf3 Nf6 2. g3 d5 3. Bg2 c6 4. O-O g6 5. b3 Bg7 6. Bb2 O-O 7. d3 Nbd7 8. Nbd2
a5 9. a3 Nc5 10. c4 Bd7 11. Rc1 Rc8 12. Bc3 Ng4 13. d4 Ne4 14. Nxe4 dxe4 15.
Ne5 Bxe5 16. dxe5 e3 17. f3 Nf2 18. Qd4 a4 19. e6 1-0

[Event "Lichtenrader Herbst 2012"]
[Site "Berlin - Lichtenrade"]
[Date "2012.10.03"]
[Round "5.14"]
[White "Witte, Ronald"]
[Black "Rettore, Ludwig"]
[Result "0-1"]
[WhiteElo "2027"]
[BlackElo "2144"]
[PlyCount "66"]
[EventDate "2012.??.??"]
[WhiteTeam "Berlin Weißensee Chemie BSV"]

1. d4 f5 2. g3 Nf6 3. Bg2 g6 4. c4 Bg7 5. Nf3 O-O 6. O-O d6 7. b4 e6 8. Bb2
Nbd7 9. Qb3 Kh8 10. c5 Nd5 11. Nc3 Nxc3 12. Bxc3 Qe7 13. e3 e5 14. cxd6 cxd6
15. dxe5 dxe5 16. Qb2 e4 17. Bxg7+ Qxg7 18. Qxg7+ Kxg7 19. Nd4 Ne5 20. Rfc1 Nd3
21. Rc7+ Rf7 22. Rxf7+ Kxf7 23. a3 Be6 24. Nxe6 Kxe6 25. Bf1 Rc8 26. Bxd3 exd3
27. Kf1 Kd5 28. f3 Rc2 29. h4 Rh2 30. Re1 Kc4 31. e4 Kc3 32. e5 Rh1+ 33. Kf2
Rxe1 0-1

[Event "Lichtenrader Herbst 2012"]
[Site "Berlin - Lichtenrade"]
[Date "2012.10.03"]
[Round "5.15"]
[White "Hohn, August"]
[Black "Cremer, Jan Paul"]
[Result "1/2-1/2"]
[WhiteElo "1989"]
[BlackElo "2099"]
[PlyCount "27"]
[EventDate "2012.??.??"]
[WhiteTeam "Berlin Zugzwang95 SC"]
[BlackTeam "Berlin 1903 Sfrd."]

1. c4 Nf6 2. Nc3 g6 3. g3 Bg7 4. Bg2 O-O 5. Nf3 d6 6. O-O Nc6 7. d4 e5 8. dxe5
dxe5 9. Be3 Qe7 10. h3 Rd8 11. Qc1 Nd4 12. Rd1 c5 13. Bg5 Qe6 14. Nxd4 1/2-1/2

[Event "Lichtenrader Herbst 2012"]
[Site "Berlin - Lichtenrade"]
[Date "2012.10.03"]
[Round "5.16"]
[White "Noetzel, Felix"]
[Black "Schulz, Wolfgang"]
[Result "1-0"]
[WhiteElo "2108"]
[BlackElo "2048"]
[PlyCount "83"]
[EventDate "2012.??.??"]
[WhiteTeam "Berlin 1903 Sfrd."]
[BlackTeam "Hamburger SK"]

1. e4 g6 2. d4 Bg7 3. Nc3 c5 4. Nf3 cxd4 5. Nxd4 Nc6 6. Be3 Nf6 7. Nxc6 bxc6 8.
e5 Nd5 9. Nxd5 cxd5 10. Qxd5 Rb8 11. Bc4 O-O 12. O-O Bb7 13. Qd4 Qc7 14. f4 d6
15. c3 dxe5 16. fxe5 Bxe5 17. Qh4 Bf6 18. Rxf6 exf6 19. Rf1 Qc6 20. Rf3 Rbe8
21. Bd4 Re4 22. Qxf6 Qxf6 23. Rxf6 Rg4 24. g3 h5 25. Bb3 h4 26. Kf2 hxg3+ 27.
hxg3 Rg5 28. Bxa7 Bd5 29. Be3 Rh5 30. Bxd5 Rxd5 31. c4 Ra5 32. a3 Rb8 33. Rb6
Re8 34. c5 Kf8 35. Bd2 Ra7 36. c6 Re6 37. Bf4 Rf6 38. Rb7 Ra8 39. c7 Re8 40.
Rb8 Rc6 41. Bd6+ Rxd6 42. Rxe8+ 1-0

[Event "Lichtenrader Herbst 2012"]
[Site "Berlin - Lichtenrade"]
[Date "2012.10.03"]
[Round "5.17"]
[White "Bandow, Alexander"]
[Black "Burger, Heinrich"]
[Result "1-0"]
[WhiteElo "2044"]
[BlackElo "2152"]
[PlyCount "91"]
[EventDate "2012.??.??"]
[WhiteTeam "Neukölln Schwarz-Weiß"]
[BlackTeam "Hermsdorf VfB"]

1. e4 c6 2. d4 g6 3. c4 Bg7 4. Nc3 d6 5. g3 Nd7 6. Bg2 Ngf6 7. Nge2 e5 8. d5 c5
9. f3 Nh5 10. Be3 f5 11. Qd2 O-O 12. Nb5 Ndf6 13. b4 b6 14. bxc5 bxc5 15. O-O
a6 16. Nbc3 Bd7 17. Rab1 Qc7 18. Bh6 Rab8 19. Rxb8 Rxb8 20. exf5 gxf5 21. Qg5
Be8 22. Bxg7 Qxg7 23. Qxf5 Bd7 24. Qc2 Qg6 25. Qxg6+ hxg6 26. g4 Nf4 27. Nxf4
exf4 28. g5 Ne8 29. Re1 Rb2 30. Re7 Rc2 31. Ne4 Ba4 32. Re6 Kf7 33. Nxd6+ Nxd6
34. Rxd6 Rc1+ 35. Bf1 Bd1 36. Kg2 Rc2+ 37. Kg1 Bxf3 38. Rf6+ Ke7 39. d6+ Ke8
40. Bh3 Bc6 41. Re6+ Kd8 42. Rxg6 Rc1+ 43. Kf2 Rc2+ 44. Ke1 Rxh2 45. Rg8+ Be8
46. d7 1-0

[Event "Lichtenrader Herbst 2012"]
[Site "Berlin - Lichtenrade"]
[Date "2012.10.03"]
[Round "5.18"]
[White "Gebigke, Martin"]
[Black "Schmidek, Emil"]
[Result "1-0"]
[WhiteElo "2137"]
[BlackElo "1854"]
[PlyCount "61"]
[EventDate "2012.??.??"]
[WhiteTeam "Berlin Berolina Mitte SV"]
[BlackTeam "Berlin Makkabi TuS"]

1. d4 Nf6 2. c4 g6 3. Nc3 Bg7 4. e4 d6 5. Nf3 O-O 6. Be2 e5 7. O-O Nc6 8. d5
Ne7 9. Bd2 Nh5 10. Rc1 Nf4 11. Bxf4 exf4 12. Qd2 f5 13. Qxf4 fxe4 14. Qxe4 Nf5
15. Qd3 Bd7 16. Ne4 Qe7 17. Rfe1 Rae8 18. Bf1 Nh4 19. Neg5 Nxf3+ 20. Nxf3 Qf6
21. Qd2 Bg4 22. Ng5 Bh6 23. h4 Bg7 24. g3 Rxe1 25. Rxe1 Qxb2 26. Qxb2 Bxb2 27.
Re4 Bf5 28. Re7 Bd4 29. Nxh7 Bg4 30. Nxf8 Kxf8 31. Re4 1-0

[Event "Lichtenrader Herbst 2012"]
[Site "Berlin - Lichtenrade"]
[Date "2012.10.03"]
[Round "5.19"]
[White "Lagunow, Raphael"]
[Black "Krefenstein, Sergej"]
[Result "0-1"]
[WhiteElo "1845"]
[BlackElo "2072"]
[PlyCount "64"]
[EventDate "2012.??.??"]
[WhiteTeam "Lasker Steglitz-Wilmersd. SG"]
[BlackTeam "Berlin Makkabi TuS"]

1. e4 c6 2. d4 d5 3. e5 Bf5 4. Nf3 e6 5. Be2 c5 6. Be3 cxd4 7. Nxd4 Ne7 8. O-O
Nbc6 9. Bb5 a6 10. Bxc6+ bxc6 11. c4 Bg6 12. Nc3 Qd7 13. Qe2 Nf5 14. Nxf5 Bxf5
15. Rfd1 Be7 16. Na4 Qc7 17. Nb6 Rb8 18. cxd5 exd5 19. Qxa6 Qxe5 20. Qa4 O-O
21. Qxc6 Bd6 22. g3 Be4 23. Nd7 Qh5 24. Rd4 Bxg3 25. Rxe4 Qxh2+ 26. Kf1 Qh1+
27. Ke2 Rxb2+ 28. Bd2 Qxe4+ 29. Kd1 Qd3 30. Qc3 Qf1+ 31. Be1 Qe2+ 32. Kc1 Bf4+
0-1